000 00595nam a2200169 a 4500
001 000044083
005 20201002045133.0
008 140515s2010 dr ac 000 0 spa d
040 _aDO-SdBNP
_bspa
_cBNPHU
082 _axxxx
_bR426m, 2010
110 1 _aRepública Dominicana
_bInstituto de Formación Técnico Profesional (INFOTEP)
_972079
245 1 0 _aManual para implementación sostenible de las 5s /
_cpresentación Josefina Pimentel.
250 _a2a ed.
260 _aSanto Domingo :
_bINFOTEP,
_c2010.
300 _a39, [19] p. :
_bil., retrs. ;
_c29 cm.
504 _aBibliografía : p. 39
999 _c43572
_d43572